Các yếu tố ảnh hưởng đến sự duy trì tiền gửi tiết kiệm của khách hàng tại ngân hàng Nông nghiệp và Phát triển Nông thôn Việt Nam chi nhánh huyện Cái Bè Tiền Giang : Luận văn Thạc sĩ Kinh tế. Chuyên ngành Tài chính - Ngân hàng
Phân tích các yếu tố ảnh hưởng đến sự duy trì tiền gửi tiết kiệm của khách hàng tại ngân hàng Nông nghiệp và Phát triển Nông thôn Việt Nam chi nhánh huyện Cái Bè Tiền Giang, từ đó đề xuất một số giải pháp nhằm duy trì tiền gửi tiế...
Gorde:
| Egile nagusia: | |
|---|---|
| Formatua: | Liburua |
| Hizkuntza: | Undetermined |
| Argitaratua: |
Cần Thơ
Trường Đại học Cần Thơ
2019
|
| Gaiak: | |
| Etiketak: |
Etiketa erantsi
Etiketarik gabe, Izan zaitez lehena erregistro honi etiketa jartzen!
|
| Thư viện lưu trữ: | Trung tâm Học liệu Trường Đại học Cần Thơ |
|---|
| LEADER | 01414nam a2200217Ia 4500 | ||
|---|---|---|---|
| 001 | CTU_229977 | ||
| 008 | 210402s9999 xx 000 0 und d | ||
| 082 | |a 332.1 | ||
| 082 | |b A107 | ||
| 088 | |a 8340201 | ||
| 100 | |a Phùng, Quang Anh | ||
| 245 | 0 | |a Các yếu tố ảnh hưởng đến sự duy trì tiền gửi tiết kiệm của khách hàng tại ngân hàng Nông nghiệp và Phát triển Nông thôn Việt Nam chi nhánh huyện Cái Bè Tiền Giang : | |
| 245 | 0 | |b Luận văn Thạc sĩ Kinh tế. Chuyên ngành Tài chính - Ngân hàng | |
| 245 | 0 | |c Phùng Quang Anh ; Trương Thị Hồng (Cán bộ hướng dẫn) | |
| 260 | |a Cần Thơ | ||
| 260 | |b Trường Đại học Cần Thơ | ||
| 260 | |c 2019 | ||
| 520 | |a Phân tích các yếu tố ảnh hưởng đến sự duy trì tiền gửi tiết kiệm của khách hàng tại ngân hàng Nông nghiệp và Phát triển Nông thôn Việt Nam chi nhánh huyện Cái Bè Tiền Giang, từ đó đề xuất một số giải pháp nhằm duy trì tiền gửi tiết kiệm của khách hàng cho ngân hàng. | ||
| 650 | |a Banks and banking,Ngân hàng và hoạt động ngân hàng | ||
| 910 | |b nthai | ||
| 980 | |a Trung tâm Học liệu Trường Đại học Cần Thơ | ||